The Legal status of following a madhab / (Record no. 185457)
[ view plain ]
| 000 -LEADER | |
|---|---|
| fixed length control field | 00742 a2200169 4500 |
| 003 - CONTROL NUMBER IDENTIFIER | |
| control field | NUST |
| 005 - DATE AND TIME OF LATEST TRANSACTION | |
| control field | 20221208132157.0 |
| 040 ## - CATALOGING SOURCE | |
| Transcribing agency | Nust |
| 082 ## - DEWEY DECIMAL CLASSIFICATION NUMBER | |
| Classification number | 297.2,USM |
| 100 ## - MAIN ENTRY--PERSONAL NAME | |
| Personal name | Usmani,Muhammad Taqi |
| 9 (RLIN) | 78221 |
| 245 ## - TITLE STATEMENT | |
| Title | The Legal status of following a madhab / |
| Statement of responsibility, etc. | Mufti Muhammad taqi Usmani |
| 260 ## - PUBLICATION, DISTRIBUTION, ETC. | |
| Place of publication, distribution, etc. | Karachi |
| Name of publisher, distributor, etc. | darul IShaat |
| Date of publication, distribution, etc. | 2003 |
| 300 ## - PHYSICAL DESCRIPTION | |
| Extent | 136:p .: |
| 505 ## - FORMATTED CONTENTS NOTE | |
| Formatted contents note | The Quraan And Tadleed (Page-15), The Hadith And Taqleed (Page-25), Era Of The Sahabah (Page-33), The Need To Make Taqleed Of An Individual (Page-57), Determining The Four Schools Of Thought Different Levels Of Taqleed (Page-71), Doubts And Objections On Taqleed (Page-98). Dormancy In Taqleed (Page-129). |
| 650 ## - SUBJECT ADDED ENTRY--TOPICAL TERM | |
| Topical term or geographic name entry element | Islamic Life |
| 9 (RLIN) | 104338 |
| 942 ## - ADDED ENTRY ELEMENTS (KOHA) | |
| Source of classification or shelving scheme | |
| Koha item type | Book |
| Call number prefix | 297.2,USM |
| Withdrawn status | Lost status | Source of classification or shelving scheme | Damaged status | Not for loan | Permanent Location | Current Location | Shelving location | Date acquired | Full call number | Barcode | Date last seen | Price effective from | Koha item type | Public note |
|---|---|---|---|---|---|---|---|---|---|---|---|---|---|---|
| Military College of Signals (MCS) | Military College of Signals (MCS) | General Stacks | 12/12/2016 | 297.2,USM | MCS31366 | 12/08/2016 | 12/12/2016 | Book | Almirah No.47, Shelf No.4 |
